Регионална библиотека "Любен Каравелов" - Русе

LONDON und Umgebung mit der Jnsel Wight. (Запис номер 343696)

MARC детайли
000 -Лидер
Контролно поле с фиксирана дължина 01055nam a2200313 c 4500
003 - Код на организацията, давaща контролен номер
Контролно поле BLK
005 - Дата и час на последна редакция
Контролно поле 20190930160446.0
008 - Елементи от данни с фиксирана дължина
fixed length control field 180911b bul|||||r ||||||| ||bul||
010 ## - Наследен системен номер
LC control number 003357
040 ## - Източник на каталожния запис
Идентификатор на билиотеката - собственик на записа BLK
041 ## - Код за език
Код за езика на текст/звукозапис или на отделно заглавие Немски
Код за езика КДБФ Български
080 ## - УДК
УДК - код + определител 908(420-21)
100 1# - Редна дума - Автор
Авторска отговорност първи автор
R(LIN) 397345
245 10 - Сведения за заглавието
Заглавие LONDON und Umgebung mit der Jnsel Wight.
246 ## - Различни форми на заглавието
Подзаглавни данни LONDON und Umgebung mit der Jnsel Wight.
250 ## - Област на изданието
Сведения за изданието 11. Aufl
260 ## - Област на издателските данни
Място на издаване, разпространение и проч. Berlin
Име на издателя, разпространителя и проч. Albert Goldschmidt
Година на издаване 1908 - 1909
300 ## - Физическа характеристика
Страници 252 с., 1 л
Илюстрации и др. к.
Размери/Мащаб 16 см
380 ## - Жанр
Жанр Общ отдел
490 ## - СЕРИИ (Колекции)
Име на серия Griebens Reisefuhrer
490 ## - СЕРИИ (Колекции)
Име на серия Частна колекция - Академик Михаил Арнаудов
Бележки за серията Дарение - Основен фонд
500 ## - Общи забележки
Забележка Михаил Арнаудов: негови-книга. - Михаил Арнаудов: подпис. - Датиране на книгата : 24 Okt. 1910
520 ## - Забележка за наличие на резюме, анотация и т.н
Анотация, рецензия, сканиран текст
520 ## - Забележка за наличие на резюме, анотация и т.н
Анотация, рецензия, сканиран текст
655 ## - Ключова дума – жанр/разновидност
Данни за жанр/разновидност или ключова дума за фокус Краезнание
700 1# - Други автори (авторска отговорност)
Лично име Neu bearb. von Carl Fr. Mayer
9 (RLIN) 397346
852 ## - Местоположение
Форматна сигнатура МА 681
999 ## - СИСТЕМНИ КОНТРОЛНИ НОМЕРА
Koha biblionumber 343696
Koha biblioitemnumber 343696
942 ## - АРТИКУЛИ
Вид на библиотечния материал Книги
Скрит в OPAC Не
Периодичен библиозапис Да
944 ## - СЪЗДАВАНЕ И РЕДАКЦИЯ на ЗАПИСА
Създаване/Редакция Създаване
Дата на регистрацията/редакция 1995
Служител, извършил регистрацията/редакцията ValK
999 ## - СИСТЕМНИ КОНТРОЛНИ НОМЕРА
Koha biblioitemnumber 343696
Наличности
Код за отписване Код за изгубен артикул Източник на класификационната схема Код за повреда Коз за рестрикции Код за отдаване Артикулен № Име на библиотеката - собственик Име на библиотеката, в която се намира в момента Статус (Текущо местоположение) Местоположение - отдел Цена в лева Номерация (Хронология) Инвентарен номер Систематично азбучна сигнатура Баркод Номер на екземпляра Цена в евро Служебен тип на артикула
  Не е изгубен Universal Decimal Classification Не е повреден без рестрикции Специални фондове ( старопечатни, редки и ценни, фонд М. Арнаудов) 743965 Регионална библиотека "Любен Каравелов" Русе Регионална библиотека "Любен Каравелов" Русе Фонд "Михаил Арнаудов" Фонд "Михаил Арнаудов" 15.00   587756 МА 681 120000587756 1 7.67 Книги
Vip Innovations Ltd, Rousse, Bulgaria 2025